As rotas da seda (Registo nº 72273)

Detalhes MARC
000 -Etiqueta do registo
campo de controlo de comprimento fixo 00721nam a2200241 4500
001 - Identificador do registo
Campo de controlo 72273
005 - Identificador da versão
Campo de controlo 20260526145452.0
010 ## - ISBN
Número (ISBN) 978-989-9027-27-5
100 ## - Dados Gerais de Proc.
Dados gerais de processamento 20260506d2021 d||y0pory50030103ba
101 0# - Língua da publicação
Língua do texto, banda sonora, etc. Português
Língua do documento no original Inglês
102 ## - País de Publicação
País de publicação Portugal
200 1# - Título
Título próprio As rotas da seda
Informação de outro título uma nova história do mundo
Primeira menção de responsabilidade Peter Frankopan
Outras menções de responsabilidade il. Neil Packer
210 #9 - Publicação, Distribuição
Lugar da edição, distribuição, etc. Coimbra
Nome do editor, distribuidor, etc. Minotauro
Data da publicação, distribuição, etc. 2021
215 ## - Descrição física
Descrição física 126, [2] p.
Outras indicações físicas muito il. color., des.
Dimensões 30 cm
304 ## - Título e responsabilidade
Texto da nota Tít. orig. : The silk roads
675 ## - CDU
Notação 087.5-053.6
Edição BN
Língua da edição Português
675 ## - CDU
Notação 94(100)
Edição BN
Língua da edição Português
675 ## - CDU
Notação 339.5(091)
Edição BN
Língua da edição Português
700 ## - Responsabilidade principal
Palavra de ordem Frankopan
Outra parte do nome Peter
Datas 1971-
Koha Internal Code 52892
702 ## - Responsabilidade secundária
Palavra de ordem Packer
Outra parte do nome Neil
Datas 1961-
Código de função Ilustrador
Koha Internal Code 52893
801 #0 - Fonte de origem
País Portugal
Agência BN
Regras de catalogação RPC
090 ## - Números de controlo do sistema (Koha)
Número biblioitem do Koha (gerado automaticamente) 72273
942 ## - Elementos de entrada adicionados (Koha)
Tipo de item no Koha Monografias
Suprimido Disponível no OPAC
Exemplares
Removido (estado) Perdido (estado) Data de aquisição Origem do registo (biblioteca) (codificado) Código da organização que empresta ou é detentora (biblioteca) Código de barras Local Número de inventário Cota Tipo de circulação (não pode ser emprestado) Preço Tipo de item e material
Disponível Disponível 2024-09-12 Biblioteca Municipal Álvaro de Campos Biblioteca Municipal Álvaro de Campos BMTAV71524 Sala Infantil 71524 CJ5 FRA Normal 21.00 Monografias